000
00236nam a22000977a 4500
999
_c
11712
_d
11712
008
200110b ||||| |||| 00| 0 eng d
020
_a
9780590020435
100
_a
Rey.A.A
_9
7404
245
_a
Curious George
260
_a
New York
_b
Scholastic